header

Finite mathematical structures (Record no. 256130)

MARC details
000 -LEADER
fixed length control field 00665nam a22002291 4500
001 - CONTROL NUMBER
control field 2638715
003 - CONTROL NUMBER IDENTIFIER
control field OSt
005 - DATE AND TIME OF LATEST TRANSACTION
control field 20170307150548.0
008 - FIXED-LENGTH DATA ELEMENTS--GENERAL INFORMATION
fixed length control field 840427s1959 njua 000 0 eng
010 ## - LIBRARY OF CONGRESS CONTROL NUMBER
LC control number 59010077
040 ## - CATALOGING SOURCE
Original cataloging agency DLC/ICU
Transcribing agency ICU
Modifying agency DLC
050 00 - LIBRARY OF CONGRESS CALL NUMBER
Classification number QA37
Item number .K42 1959
082 00 - DEWEY DECIMAL CLASSIFICATION NUMBER
Classification number 512.89
100 1# - MAIN ENTRY--PERSONAL NAME
Personal name Kemeny, John G.
245 10 - TITLE STATEMENT
Title Finite mathematical structures
Statement of responsibility, etc [by] John G. Kemeny [and others].
260 ## - PUBLICATION, DISTRIBUTION, ETC. (IMPRINT)
Place of publication, distribution, etc Englewood Cliffs, N.J.,
Name of publisher, distributor, etc Prentice-Hall,
Date of publication, distribution, etc 1959.
300 ## - PHYSICAL DESCRIPTION
Extent 487 p.
Other physical details illus.
Dimensions 24 cm.
650 #0 - SUBJECT ADDED ENTRY--TOPICAL TERM
Topical term or geographic name as entry element Mathematical analysis.
Topical term or geographic name as entry element Algebra, Universal.
906 ## - LOCAL DATA ELEMENT F, LDF (RLIN)
a 7
b cbc
c orignew
d u
e ocip
f 19
g y-gencatlg
942 ## - ADDED ENTRY ELEMENTS (KOHA)
Source of classification or shelving scheme Library of Congress Classification
Koha item type Long Loan Books
Holdings
Withdrawn status Lost status Source of classification or shelving scheme Damaged status Not for loan Collection code Home library Current library Shelving location Date acquired Total Checkouts Full call number Barcode Date last seen Price effective from Koha item type
    Library of Congress Classification     Non-fiction Rongo University Library Rongo University Library General Stacks 07/03/2017   QA37 .K42 1959 201614817 07/03/2017 07/03/2017 Long Loan Books

© 2026 Rongo University
Contact us: librarian | system librarian | Rongo university